Staré metody v nové společnosti neplatí

Nové princípy a manažérske metódy. Zmeny niektorých princípov manažmentu. Porovnanie s minulosťou.

Gespeichert in:
Bibliographische Detailangaben
Format: Buchkapitel
Sprache:Tschechisch
Schlagworte:
Tags: Tag hinzufügen
Keine Tags, Fügen Sie das erste Tag hinzu!

MARC

LEADER 00000naa a2200000 4500
001 r043052
005 20231002103539.2
041 0 |a cze 
044 |a CZ 
245 1 0 |a Staré metody v nové společnosti neplatí 
520 |a Nové princípy a manažérske metódy. Zmeny niektorých princípov manažmentu. Porovnanie s minulosťou. 
610 2 0 |a metódy riadenia 
610 2 0 |a manažment 
610 2 0 |a riadenie podnikové 
610 2 0 |a Česko